| 000 | 00545nam a22001817a 4500 | ||
|---|---|---|---|
| 999 |
_c169504 _d169504 |
||
| 005 | 20191122101939.0 | ||
| 010 | _aENG-126972 | ||
| 020 |
_a9788126567515 _c229.00 |
||
| 035 | _aEN-110504 | ||
| 037 | _bDBAD/PUB | ||
| 082 | _a000 | ||
| 100 | _aWiley | ||
| 245 |
_aStaff selection commission : _cby Wiley _bgeneral awareness exam goalpost for SSC exams / |
||
| 260 |
_aNew Delhi _bWilley India _c2017 |
||
| 270 |
_a4435-36-7, Ansari Road _bDaryaganj _e110002 |
||
| 300 |
_aviii;259p. _c27cm(pbk) |
||
| 942 |
_2ddc _cEN _h000 _mWIL |
||